000 00736 a2200217 4500
003 UA-OsUOA
005 20260508112913.0
008 260508b un ||||| |||| 00| 0 ukr d
040 _aUA-OsUOA
_beng
_cUA-OsUOA
_dUA-OsUOA
041 _aeng
080 _a1(3)
090 _a1(3)
_bK23
100 _aKatz J., Weingartner R. H.
_925200
245 _aPhilosophy in the West
_bReading in Ancient and Medival Philosophy
260 _bHarcourt, Brace & World
_c1965
_aNew Yokr ;
_aChicago ;
_aBurlingame
300 _a589 p.
650 _2UDC
_a1 Філософія. Психологія
_91871
942 _cBK
_2udc
955 _a4
999 _c580666
_d580666